[Event "TCh-CHN 2017"]
[Site "China CHN"]
[Date "2017.05.25"]
[Round "7.5"]
[Board "1"]
[White "Cheparinov, Ivan"]
[Black "Zeng, Chongsheng"]
[Result "1/2-1/2"]
[WhiteTitle "GM"]
[BlackTitle "GM"]
[WhiteElo "2710"]
[BlackElo "2547"]
[WhiteTeam "Tianjin"]
[BlackTeam "Chongqing"]
[WhiteFideId "2905540"]
[BlackFideId "8603847"]
[EventDate "2017.04.18"]

1. e4 c5 2. Nf3 e6 3. d4 cxd4 4. Nxd4 Nc6 5. Nc3 Qc7 6. Be3 a6 7. Qf3 Nf6 8.
O-O-O Be7 9. Be2 O-O 10. Qg3 d6 11. h4 Kh8 12. h5 h6 13. Kb1 Nxd4 14. Rxd4 b5
15. f3 e5 16. Rd2 Be6 17. Qf2 Rab8 18. g4 Qa5 19. Nd5 Bxd5 20. exd5 Bd8 21. Rhd1
Bb6 22. Bxb6 Qxb6 23. Qxb6 Rxb6 24. c4 bxc4 25. Bxc4 e4 26. Be2 exf3 27. Bxf3
Nd7 28. Rd4 g6 29. Rc1 Rfb8 30. Rc2 Kg7 31. Be2 Nc5 32. Bc4 a5 33. Rf2 Nd7 34.
Rfd2 Rc8 35. Be2 Nc5 36. Bd1 Re8 37. Re2 Reb8 38. Red2 R6b7 39. a3 Kf6 40. Re2
Kg5 41. Ka2 Nd7 42. Rdd2 Ne5 43. Re4 Rc7 44. Ra4 Rb5 45. Rad4 Rbc5 46. b4 axb4
47. Rxb4 Rc3 48. a4 R7c5 49. Bb3 Nd3 50. Rb6 gxh5 51. gxh5 f5 52. Rg2+ Kf4 53.
Rg6 Nc1+ 54. Kb2 Nd3+ 55. Ka2 Nc1+ 56. Kb2 Nd3+ 57. Ka2 Ke5 1/2-1/2

[Event "TCh-CHN 2017"]
[Site "China CHN"]
[Date "2017.05.25"]
[Round "7.5"]
[Board "2"]
[White "Li, Yankai"]
[Black "Wang, Chen"]
[Result "1/2-1/2"]
[BlackTitle "IM"]
[WhiteElo "2456"]
[BlackElo "2495"]
[WhiteTeam "Tianjin"]
[BlackTeam "Chongqing"]
[WhiteFideId "8609357"]
[BlackFideId "8601020"]
[EventDate "2017.04.18"]

1. c4 Nf6 2. Nc3 c5 3. Nf3 Nc6 4. e3 e6 5. d4 d5 6. cxd5 Nxd5 7. Bd3 Be7 8. O-O
O-O 9. dxc5 Nxc3 10. bxc3 Bxc5 11. Qc2 h6 12. Bb2 Bd7 13. c4 Qe7 14. Bh7+ Kh8
15. Be4 Rfd8 16. Rfd1 Rac8 17. Nd4 Bd6 18. Nb5 Bc5 19. Nd4 Nxd4 20. exd4 Ba3 21.
Bxa3 Qxa3 22. Bxb7 Rc7 23. Bf3 Ba4 24. Rd3 Bxc2 25. Rxa3 Rxd4 26. c5 Rxc5 27.
Rxa7 f6 28. Rc1 Rcc4 29. Be2 Ra4 30. Rxa4 Bxa4 31. Rc4 Rd2 32. Rxa4 Rxe2 33. g3
Kh7 1/2-1/2

[Event "TCh-CHN 2017"]
[Site "China CHN"]
[Date "2017.05.25"]
[Round "7.5"]
[Board "3"]
[White "Wang, Yue"]
[Black "Zhou, Weiqi"]
[Result "1/2-1/2"]
[WhiteTitle "GM"]
[BlackTitle "GM"]
[WhiteElo "2690"]
[BlackElo "2613"]
[WhiteTeam "Tianjin"]
[BlackTeam "Chongqing"]
[WhiteFideId "8601429"]
[BlackFideId "8601674"]
[EventDate "2017.04.18"]

1. Nf3 Nf6 2. g3 d5 3. Bg2 g6 4. c4 c6 5. Qa4 Nbd7 6. cxd5 cxd5 7. Nc3 Bg7 8.
Qb3 Qb6 9. Qxb6 Nxb6 10. d3 O-O 11. Be3 e6 12. a4 Bd7 13. a5 Nc8 14. Bc5 Rd8 15.
Ne5 Rb8 16. f4 Be8 17. O-O Nd7 18. Nxd7 Rxd7 19. Rfc1 b6 20. axb6 axb6 21. Bf2
Ne7 22. Ra6 b5 23. b4 Rdd8 24. Bc5 Nc6 25. e3 Bf8 26. Bxf8 Kxf8 27. Rb1 Ra8 28.
Rxa8 Rxa8 29. Nxb5 Rb8 30. Nc3 Rxb4 31. Rxb4 1/2-1/2

[Event "TCh-CHN 2017"]
[Site "China CHN"]
[Date "2017.05.25"]
[Round "7.5"]
[Board "5"]
[White "Lei, Tingjie"]
[Black "Xiao, Yiyi"]
[Result "1-0"]
[WhiteTitle "GM"]
[BlackTitle "WFM"]
[WhiteElo "2528"]
[BlackElo "2311"]
[WhiteTeam "Chongqing"]
[BlackTeam "Tianjin"]
[WhiteFideId "8605114"]
[BlackFideId "8606161"]
[EventDate "2017.04.18"]

1. d4 Nf6 2. c4 e6 3. Nf3 b6 4. g3 Bb7 5. Bg2 Be7 6. O-O O-O 7. Nc3 Ne4 8. Bd2
Bf6 9. Be1 c5 10. Qd3 d5 11. cxd5 exd5 12. dxc5 Nxc5 13. Qc2 d4 14. Rd1 Nc6 15.
Qb1 Qd7 16. b4 Qe6 17. Nb5 Na4 18. Nbxd4 Bxd4 19. Ng5 Qh6 20. b5 Na5 21. Rxd4
Qxg5 22. Rxa4 Bxg2 23. Kxg2 Nb7 24. Rf4 Rfe8 25. Qb3 Qh5 26. Bb4 Nd8 27. Qf3
Qxf3+ 28. Kxf3 Rc8 29. Bd6 Nb7 30. Rd1 Rc2 31. Bb4 Rxa2 32. Rd7 Nd8 33. h4 h5
34. e3 a5 35. Bc3 Rc2 36. Bd4 Ne6 37. Rfxf7 a4 38. Bxg7 a3 39. Bf6 a2 40. Rh7 1-0

[Event "TCh-CHN 2017"]
[Site "China CHN"]
[Date "2017.05.25"]
[Round "7.6"]
[Board "1"]
[White "Zvjaginsev, Vadim"]
[Black "Wang, Hao"]
[Result "1/2-1/2"]
[WhiteTitle "GM"]
[BlackTitle "GM"]
[WhiteElo "2629"]
[BlackElo "2709"]
[WhiteTeam "Qingdao"]
[BlackTeam "Shenzhen"]
[WhiteFideId "4113403"]
[BlackFideId "8602883"]
[EventDate "2017.04.18"]

1. e4 c5 2. Nc3 d6 3. d4 cxd4 4. Qxd4 Nc6 5. Bb5 Bd7 6. Bxc6 Bxc6 7. Nge2 Nf6 8.
Bg5 e6 9. O-O-O Be7 10. Qd3 Qa5 11. Bd2 d5 12. e5 Ne4 13. Nxe4 dxe4 14. Qd7+
Bxd7 15. Bxa5 Bc5 16. Nd4 f6 17. exf6 gxf6 18. Rhe1 Bxd4 19. Rxd4 Bc6 20. Red1
Kf7 21. Rd8 Rhxd8 22. Rxd8 Rxd8 23. Bxd8 h5 24. g3 e5 25. Kd2 Ke6 26. c4 f5 27.
Ke3 b5 28. cxb5 Bxb5 29. h4 Kd5 30. Bc7 a6 1/2-1/2

[Event "TCh-CHN 2017"]
[Site "China CHN"]
[Date "2017.05.25"]
[Round "7.6"]
[Board "2"]
[White "Fang, Yuxiang"]
[Black "Sethuraman, S.P."]
[Result "0-1"]
[WhiteTitle "GM"]
[BlackTitle "GM"]
[WhiteElo "2497"]
[BlackElo "2646"]
[WhiteTeam "Qingdao"]
[BlackTeam "Shenzhen"]
[WhiteFideId "8605840"]
[BlackFideId "5021596"]
[EventDate "2017.04.18"]

1. d4 d6 2. Nf3 g6 3. c4 Nf6 4. Nc3 Bf5 5. g3 Bg7 6. Bg2 Ne4 7. Nxe4 Bxe4 8. O-O
O-O 9. Be3 d5 10. Qc1 Nc6 11. Rd1 Qd7 12. Ng5 Bxg2 13. Kxg2 a5 14. Nf3 Rfd8 15.
Qc3 dxc4 16. Qxc4 Nb4 17. Rac1 c6 18. Bd2 Nd5 19. a4 Nf6 20. Bf4 Qd5 21. Be5 Bh6
22. Rc2 Qxc4 23. Rxc4 Nd5 24. e4 Nb6 25. Rc2 Rd7 26. b3 f6 27. Bf4 Bxf4 28. gxf4
Nc8 29. Rc5 Kf7 30. f5 Nb6 31. h4 Rdd8 32. h5 g5 33. Kg3 Nd7 34. Rcc1 Nf8 35.
Rc5 e6 36. Kg4 h6 37. Rd2 Re8 38. e5 exf5+ 39. Kxf5 Nd7 40. Rc3 Rad8 41. Re3 Kg7
42. d5 fxe5 43. dxc6 bxc6 44. Kg4 e4 45. Nd4 Nf6+ 46. Kh3 Rd5 47. b4 axb4 48.
Nb3 Rxd2 49. Nxd2 Ra8 50. Nxe4 Nd5 51. Re1 Rxa4 52. Nd6 b3 53. Nf5+ Kh7 54. Rb1
Rb4 0-1

[Event "TCh-CHN 2017"]
[Site "China CHN"]
[Date "2017.05.25"]
[Round "7.6"]
[Board "3"]
[White "Xu, Zhihang"]
[Black "Liu, Qingnan"]
[Result "0-1"]
[WhiteTitle "FM"]
[BlackTitle "GM"]
[WhiteElo "2373"]
[BlackElo "2522"]
[WhiteTeam "Qingdao"]
[BlackTeam "Shenzhen"]
[WhiteFideId "8611572"]
[BlackFideId "8603294"]
[EventDate "2017.04.18"]

1. Nf3 d5 2. g3 g6 3. Bg2 Bg7 4. d4 c5 5. O-O cxd4 6. Nxd4 e5 7. Nb3 Ne7 8. Bg5
f6 9. Bd2 Nbc6 10. e4 dxe4 11. Bxe4 Bh3 12. Re1 f5 13. Bxc6+ Nxc6 14. Bc3 Qe7
15. Qd5 Rd8 16. Qc5 Qxc5 17. Nxc5 Kf7 18. Na3 Rd5 19. Nd3 b5 20. Nb4 Nxb4 21.
Bxb4 e4 22. c4 bxc4 23. Nxc4 Rhd8 24. Rac1 g5 25. b3 Rd3 26. Ne3 Bd4 27. Rc7+
Kg6 28. Ba5 Re8 29. Nc2 Bf6 30. Rc4 Re6 31. Bc7 Re7 32. Ne3 Red7 33. Rec1 Bd4
34. Rc6+ Kh5 35. g4+ Bxg4 36. Nf1 f4 37. Ba5 Bh3 38. Be1 Bb6 39. b4 Rf3 40. R6c2
e3 41. a4 Re7 42. a5 Bd4 0-1

[Event "TCh-CHN 2017"]
[Site "China CHN"]
[Date "2017.05.25"]
[Round "7.6"]
[Board "4"]
[White "Huang, Qian"]
[Black "Pham, Le Thao Nguyen"]
[Result "1/2-1/2"]
[WhiteTitle "WGM"]
[BlackTitle "IM"]
[WhiteElo "2438"]
[BlackElo "2354"]
[WhiteTeam "Shenzhen"]
[BlackTeam "Qingdao"]
[WhiteFideId "8602689"]
[BlackFideId "12401226"]
[EventDate "2017.04.18"]

1. c4 e6 2. d4 d5 3. Nf3 Nf6 4. Nc3 dxc4 5. e3 a6 6. a4 c5 7. Bxc4 Nc6 8. O-O
Be7 9. dxc5 Qxd1 10. Rxd1 Bxc5 11. Bd2 O-O 12. Na2 Bd7 13. Nc1 Rfd8 14. Nd3 Bd6
15. b4 Rdc8 16. Bb3 b5 17. Be1 Be7 18. Nfe5 Nxe5 19. Nxe5 Be8 20. axb5 Bxb5 21.
f3 Rab8 22. e4 Ne8 23. Rac1 Bd6 24. Nc4 Bxc4 25. Rxc4 Rxc4 26. Bxc4 Bxb4 27.
Bxb4 Rxb4 28. Bxa6 Kf8 29. Be2 Ke7 30. Kf2 e5 31. Rd5 f6 32. Rc5 Rb7 33. Ke3 Nd6
34. Ra5 Rb3+ 35. Kf2 Rb7 36. Ke3 1/2-1/2

[Event "TCh-CHN 2017"]
[Site "China CHN"]
[Date "2017.05.25"]
[Round "7.6"]
[Board "5"]
[White "Liu, Shilan"]
[Black "Hong, Xing"]
[Result "1/2-1/2"]
[WhiteTitle "WGM"]
[WhiteElo "2083"]
[BlackElo "2017"]
[WhiteTeam "Shenzhen"]
[BlackTeam "Qingdao"]
[WhiteFideId "8600279"]
[BlackFideId "8606129"]
[EventDate "2017.04.18"]

1. e4 e5 2. Nf3 Nc6 3. Nc3 Nf6 4. d4 exd4 5. Nxd4 Bb4 6. Nxc6 bxc6 7. Bd3 d5 8.
exd5 cxd5 9. O-O O-O 10. Bg5 c6 11. Qf3 Be6 12. Ne2 h6 13. Bxf6 Qxf6 14. Qxf6
gxf6 15. Nd4 Rac8 16. Nf5 Bxf5 17. Bxf5 Rb8 18. Rad1 Rfe8 19. c3 Bf8 20. Bd7 Re2
21. Bxc6 Rbxb2 22. Bxd5 Bc5 23. Kh1 Rxf2 24. Rxf2 Rxf2 25. g3 f5 26. Bc4 f4 27.
gxf4 Rxf4 28. Bd5 Rf2 29. Rd3 Kg7 30. Rf3 Rxf3 31. Bxf3 1/2-1/2

[Event "TCh-CHN 2017"]
[Site "China CHN"]
[Date "2017.07.26"]
[Round "8.1"]
[Board "1"]
[White "Wang, Yiye"]
[Black "Naiditsch, Arkadij"]
[Result "1/2-1/2"]
[WhiteTitle "IM"]
[BlackTitle "GM"]
[WhiteElo "2435"]
[BlackElo "2705"]
[WhiteTeam "Beijing"]
[BlackTeam "Shenzhen"]
[WhiteFideId "8606021"]
[BlackFideId "4650891"]
[EventDate "2017.04.18"]

1. d4 Nf6 2. Nf3 g6 3. g3 Bg7 4. Bg2 O-O 5. O-O d6 6. c4 Nbd7 7. Nc3 e5 8. Qc2
Re8 9. Rd1 c6 10. dxe5 dxe5 11. Ng5 Qe7 12. Nge4 Nc5 13. Bg5 Bf5 14. Qc1 Rad8
15. Qe3 Bxe4 16. Bxf6 Bxf6 17. Nxe4 Nxe4 18. Qxe4 Qb4 19. Qf3 Be7 20. Qb3 Qxb3
21. axb3 a6 22. Kf1 f5 23. e3 Kf7 24. Ke2 Ke6 25. Rxd8 Rxd8 26. Rd1 Rb8 27. Kd3
h5 28. h4 e4+ 29. Kc2 Bd6 30. Bf1 a5 31. Be2 Ra8 32. Ra1 Bc5 33. Rd1 Ke7 34. Ra1
Kd6 35. Rd1+ Kc7 36. Ra1 Bd6 37. Kc3 Kb6 38. Kc2 Kc5 39. Ra4 Ra6 40. Ra3 Bc7 41.
Ra4 Bb6 42. Bf1 Bd8 43. Be2 Bb6 44. Bf1 Ra7 45. b4+ axb4 46. Rxa7 Bxa7 47. b3
Kd6 48. Kd1 Ke5 49. Ke2 c5 50. f4+ exf3+ 51. Kxf3 Bb8 52. Bd3 Kf6 53. Be2 Be5
54. Bd3 b6 55. Bc2 Bc3 56. Ke2 Ke5 57. Bd3 Kd6 58. Kf2 Bf6 59. Kf3 Ke5 60. Bc2
g5 61. hxg5 Bxg5 62. Bd3 h4 63. gxh4 Bxh4 64. Ke2 Bg5 65. Kd2 Bh6 66. Bf1 Kf6
67. Bg2 Kg5 68. Bc6 Kg4 1/2-1/2

[Event "TCh-CHN 2017"]
[Site "China CHN"]
[Date "2017.07.26"]
[Round "8.1"]
[Board "2"]
[White "Yu, Yangyi"]
[Black "Wang, Hao"]
[Result "1/2-1/2"]
[WhiteTitle "GM"]
[BlackTitle "GM"]
[WhiteElo "2751"]
[BlackElo "2709"]
[WhiteTeam "Beijing"]
[BlackTeam "Shenzhen"]
[WhiteFideId "8603820"]
[BlackFideId "8602883"]
[EventDate "2017.04.18"]

1. e4 e5 2. Nf3 Nc6 3. Bb5 Nf6 4. O-O Nxe4 5. Re1 Nd6 6. Nxe5 Be7 7. Bf1 Nxe5 8.
Rxe5 O-O 9. Nc3 Ne8 10. Nd5 Bd6 11. Re1 c6 12. Ne3 Be7 13. Nf5 Bf6 14. Qe2 d5
15. Ne7+ Kh8 16. Nxc8 Rxc8 17. d3 Nd6 18. Qg4 h6 19. g3 Bg5 20. c4 Bxc1 21.
Raxc1 dxc4 22. dxc4 Qf6 23. Rcd1 Rce8 24. c5 Nf5 25. Rxe8 Rxe8 26. Qf4 g5 27.
Qf3 Kg7 28. Bh3 Re5 29. b4 a5 30. a3 axb4 31. axb4 h5 32. Qxh5 Nd4 33. Bg4 Re8
34. Qh3 Qe5 35. Bh5 Qd5 36. f4 Nf3+ 37. Bxf3 Qxf3 38. Rf1 Qe3+ 39. Kh1 Qe4+ 40.
Qg2 g4 41. Qxe4 Rxe4 42. Rb1 Kf6 43. Rb2 Kg6 44. Kg2 f5 45. h4 gxh3+ 46. Kxh3
Kh5 47. Rb1 Rc4 48. Rb3 Rd4 49. Rb2 Rc4 50. Rb1 Rd4 51. b5 Rc4 52. bxc6 bxc6 53.
Re1 Rxc5 54. Re6 Rc2 55. Rd6 Rc1 56. Rf6 Rc5 57. Rf8 Kg6 58. g4 1/2-1/2

[Event "TCh-CHN 2017"]
[Site "China CHN"]
[Date "2017.07.26"]
[Round "8.1"]
[Board "3"]
[White "Li, Chao b"]
[Black "Liu, Qingnan"]
[Result "1-0"]
[WhiteTitle "GM"]
[BlackTitle "GM"]
[WhiteElo "2732"]
[BlackElo "2522"]
[WhiteTeam "Beijing"]
[BlackTeam "Shenzhen"]
[WhiteFideId "8604436"]
[BlackFideId "8603294"]
[EventDate "2017.04.18"]

1. e4 d6 2. d4 Nf6 3. Nc3 g6 4. f4 Bg7 5. Nf3 c5 6. dxc5 Qa5 7. Qe2 Qxc5 8. Be3
Qb4 9. Qb5+ Nc6 10. O-O-O Ng4 11. Qxb4 Nxb4 12. Bd4 Bxd4 13. Rxd4 Nc6 14. Rd2
Be6 15. Nd5 O-O-O 16. Bc4 h6 17. Re1 Nf6 18. h3 Nh5 19. f5 gxf5 20. exf5 Bxd5
21. Bxd5 Rhf8 22. Bxc6 bxc6 23. Rxe7 Rd7 24. Rxd7 Kxd7 25. Ne5+ Kc7 26. Ng4 Re8
27. Nxh6 Ng3 28. Nxf7 d5 29. Rf2 Re1+ 30. Kd2 Re7 31. Ng5 Re5 32. f6 Rxg5 33. f7
Ne4+ 34. Ke3 Nxf2 35. f8=Q Ne4 36. Qe7+ Kb6 37. g4 Rg6 38. c4 Rh6 39. cxd5 cxd5
40. Kd4 Rxh3 41. Kxd5 Re3 42. Qxe4 Rxe4 43. Kxe4 1-0

[Event "TCh-CHN 2017"]
[Site "China CHN"]
[Date "2017.07.26"]
[Round "8.1"]
[Board "4"]
[White "Huang, Qian"]
[Black "Zhao, Xue"]
[Result "0-1"]
[WhiteTitle "WGM"]
[BlackTitle "GM"]
[WhiteElo "2438"]
[BlackElo "2477"]
[WhiteTeam "Shenzhen"]
[BlackTeam "Beijing"]
[WhiteFideId "8602689"]
[BlackFideId "8601283"]
[EventDate "2017.04.18"]

1. d4 Nf6 2. c4 e6 3. Nf3 Bb4+ 4. Bd2 Qe7 5. g3 Nc6 6. Bg2 Bxd2+ 7. Nbxd2 d6 8.
O-O O-O 9. Re1 e5 10. d5 Nb8 11. e4 a5 12. b3 Na6 13. a3 Bd7 14. Rb1 Rfc8 15.
Qe2 Rab8 16. Rec1 c6 17. Ne1 cxd5 18. cxd5 Nc5 19. b4 axb4 20. axb4 Na4 21. Qe3
Qd8 22. Nc4 Bb5 23. Na3 Be8 24. Nc4 Rc7 25. b5 Rbc8 26. Bf1 Rc5 27. Qa3 Ra8 28.
Qe3 Rxb5 29. Ra1 Rc5 30. Nd3 Rc7 31. f3 Rac8 32. Ndb2 Nxb2 33. Nxb2 Rxc1 34.
Rxc1 Rxc1 35. Qxc1 b5 36. Kg2 h6 37. Qc3 g5 38. Qb3 Qa5 39. Qc2 g4 40. fxg4 Qb4
41. Bd3 Nxg4 42. Nd1 Qe1 43. Qe2 Qxd1 0-1

[Event "TCh-CHN 2017"]
[Site "China CHN"]
[Date "2017.07.26"]
[Round "8.1"]
[Board "5"]
[White "Bodnaruk, Anastasia"]
[Black "Wang, Jue"]
[Result "0-1"]
[WhiteTitle "IM"]
[BlackTitle "WGM"]
[WhiteElo "2428"]
[BlackElo "2359"]
[WhiteTeam "Shenzhen"]
[BlackTeam "Beijing"]
[WhiteFideId "4181751"]
[BlackFideId "8604070"]
[EventDate "2017.04.18"]

1. e4 c5 2. Nf3 d6 3. d4 cxd4 4. Nxd4 Nf6 5. Nc3 a6 6. g3 e6 7. Bg2 Be7 8. O-O
O-O 9. Be3 Qc7 10. g4 Nc6 11. g5 Nd7 12. f4 Nxd4 13. Qxd4 e5 14. Qd2 exf4 15.
Bxf4 Nb6 16. b3 Bg4 17. Nd1 f6 18. gxf6 Bxf6 19. Rc1 Be5 20. Bxe5 Rxf1+ 21. Kxf1
dxe5 22. Nf2 Be6 23. Rd1 Nd7 24. Qd6 Qxd6 25. Rxd6 Kf7 26. Rd2 Ke7 27. Nd3 Rc8
28. a4 a5 29. Ke2 g5 30. Nf2 Rc3 31. Bf3 Nf6 32. Nd3 g4 33. Bg2 Nh5 34. Nxe5
Nf4+ 35. Kf1 h5 36. Rf2 Kd6 37. Nf7+ Bxf7 38. Rxf4 Be6 39. Rf2 Ke5 40. Ke1 h4
41. Kd2 Rc7 42. Rf8 h3 43. Bh1 Rg7 44. Rf1 g3 45. hxg3 Rxg3 46. Ke2 Bg4+ 47. Kd2
b6 48. c3 Be6 49. Kc2 Re3 50. Kd2 Rg3 51. Kc2 Rg4 52. b4 Rf4 53. Rxf4 Kxf4 54.
Kd3 h2 55. bxa5 bxa5 56. Ke2 Kg3 57. e5 Bh3 58. e6 Bxe6 59. Kd3 Bh3 60. c4 Bg2
61. Kd4 0-1

[Event "TCh-CHN 2017"]
[Site "China CHN"]
[Date "2017.07.26"]
[Round "8.2"]
[Board "1"]
[White "Zeng, Chongsheng"]
[Black "Fang, Yuxiang"]
[Result "1-0"]
[WhiteTitle "GM"]
[BlackTitle "GM"]
[WhiteElo "2547"]
[BlackElo "2497"]
[WhiteTeam "Chongqing"]
[BlackTeam "Qingdao"]
[WhiteFideId "8603847"]
[BlackFideId "8605840"]
[EventDate "2017.04.18"]

1. e4 e5 2. Nf3 Nc6 3. Bc4 Nf6 4. Ng5 d5 5. exd5 Na5 6. Bb5+ c6 7. dxc6 bxc6 8.
Be2 h6 9. Nf3 e4 10. Ne5 Bd6 11. d4 exd3 12. Nxd3 O-O 13. O-O Qc7 14. h3 c5 15.
b3 c4 16. bxc4 Nxc4 17. Nd2 Be6 18. Nxc4 Bxc4 19. Bb2 Rac8 20. Bxf6 gxf6 21. Bg4
Rcd8 22. Bf5 Rfe8 23. Qg4+ Kh8 24. Rfe1 Bd5 25. Rxe8+ Rxe8 26. Qd4 Qd8 27. Qxa7
Re2 28. Re1 Rxe1+ 29. Nxe1 Qe7 30. Qxe7 Bxe7 31. Bd7 Bxa2 32. Ba4 Bc4 33. Bb3
Be2 34. Bxf7 Bb4 35. Nd3 Bxd3 36. cxd3 Kg7 37. Be6 Bc5 38. Bf5 Kf7 39. Kf1 Ke7
40. Ke2 Kd6 41. f4 Bg1 42. Kf3 Kd5 43. Kg4 Be3 44. Be4+ Ke6 45. Bh7 Kd5 46. Kf5
Kd4 47. g4 Kd5 48. h4 Kd6 49. Kxf6 Bxf4 50. g5 hxg5 51. hxg5 Be5+ 52. Kf7 Kd5 1-0

[Event "TCh-CHN 2017"]
[Site "China CHN"]
[Date "2017.07.26"]
[Round "8.2"]
[Board "2"]
[White "Zhou, Weiqi"]
[Black "Le, Quang Liem"]
[Result "1/2-1/2"]
[WhiteTitle "GM"]
[BlackTitle "GM"]
[WhiteElo "2613"]
[BlackElo "2737"]
[WhiteTeam "Chongqing"]
[BlackTeam "Qingdao"]
[WhiteFideId "8601674"]
[BlackFideId "12401137"]
[EventDate "2017.04.18"]

1. d4 f5 2. g3 Nf6 3. Bg2 g6 4. c4 Bg7 5. Nc3 O-O 6. Nf3 d6 7. O-O Qe8 8. d5 a5
9. Nd4 Na6 10. b3 Bd7 11. Rb1 Nc5 12. Ba3 Nfe4 13. Nxe4 Nxe4 14. Qd3 c5 15. Ne6
Bxe6 16. dxe6 Qc8 17. Bxe4 fxe4 18. Qxe4 Rb8 19. Bb2 Bxb2 20. Rxb2 Rf6 21. a4
Qxe6 22. Qxe6+ Rxe6 23. Rd1 Kf7 24. Rd5 Ke8 25. Rbd2 b6 26. f3 Re3 27. R5d3 Rxd3
28. Rxd3 Rd8 29. Kf2 e6 30. e4 Ke7 31. Ke3 g5 32. Rd1 Rg8 33. Rh1 d5 34. exd5
exd5 35. cxd5 Kd6 36. h4 g4 37. f4 Re8+ 38. Kd2 Re4 39. Re1 Rb4 40. Kc3 c4 41.
bxc4 Kc5 42. Re4 Rxa4 43. Rd4 Ra3+ 44. Kb2 Re3 45. d6 Re8 46. d7 Rd8 47. Kc3 Kc6
48. f5 h5 49. f6 Rxd7 50. Rf4 Rf7 51. Rf5 Kd6 52. Kb3 Ke6 53. Rb5 Kxf6 54. Ka4
Ke7 55. Rxb6 Rf3 56. Rh6 Rxg3 57. Rxh5 Rg1 58. Rg5 g3 59. Ka3 g2 60. Ka2 Rc1 61.
Rxg2 Rxc4 62. Rg5 Rxh4 63. Rxa5 1/2-1/2

[Event "TCh-CHN 2017"]
[Site "China CHN"]
[Date "2017.07.26"]
[Round "8.2"]
[Board "3"]
[White "Wang, Chen"]
[Black "Wang, Tongsen"]
[Result "1/2-1/2"]
[WhiteTitle "IM"]
[WhiteElo "2495"]
[BlackElo "2395"]
[WhiteTeam "Chongqing"]
[BlackTeam "Qingdao"]
[WhiteFideId "8601020"]
[BlackFideId "8608067"]
[EventDate "2017.04.18"]

1. e4 c5 2. Nf3 d6 3. Bb5+ Nd7 4. O-O Nf6 5. Re1 a6 6. Bxd7+ Bxd7 7. e5 dxe5 8.
Nxe5 e6 9. d3 Be7 10. Qf3 Bc8 11. Nc3 O-O 12. Nc4 Ra7 13. a4 b6 14. Qg3 Kh8 15.
b3 Nd5 16. Nxd5 exd5 17. Ne5 Bh4 18. Qf4 Rc7 19. d4 Be6 20. Re2 Be7 21. Qg3 Bf5
22. Qf4 Qc8 23. Ba3 f6 24. Nd3 Bxd3 25. cxd3 Qd7 26. dxc5 bxc5 27. Rc1 Bd6 28.
Qf3 Rb8 29. g3 Bf8 30. Rec2 Rxb3 31. Bxc5 Bxc5 32. Rxc5 Rxc5 33. Rxc5 Rb8 34.
Qxd5 Qxa4 35. Kg2 Qe8 36. Rc7 h6 37. Qf3 Qe5 38. Ra7 a5 39. h4 Rd8 40. Qe4 1/2-1/2

[Event "TCh-CHN 2017"]
[Site "China CHN"]
[Date "2017.07.26"]
[Round "8.2"]
[Board "4"]
[White "Sun, Fanghui"]
[Black "Lei, Tingjie"]
[Result "1/2-1/2"]
[BlackTitle "GM"]
[WhiteElo "2126"]
[BlackElo "2528"]
[WhiteTeam "Qingdao"]
[BlackTeam "Chongqing"]
[WhiteFideId "8604150"]
[BlackFideId "8605114"]
[EventDate "2017.04.18"]

1. e4 c5 2. c3 Nf6 3. e5 Nd5 4. d4 cxd4 5. Nf3 e6 6. cxd4 b6 7. Nc3 Bb7 8. Bd3
Nxc3 9. bxc3 d6 10. O-O Nd7 11. exd6 Bxd6 12. Qe2 Qc7 13. Bd2 O-O 14. h3 Rfe8
15. Ng5 Nf6 16. f4 Rac8 17. a4 h6 18. Ne4 Bxe4 19. Bxe4 Nxe4 20. Qxe4 Qc4 21.
Rf3 Qd5 22. Qb1 Rc4 23. Qb5 Rec8 24. Kh1 g6 25. f5 Qxb5 26. axb5 exf5 27. Rxa7
Kg7 28. g4 Bc7 29. gxf5 g5 30. Kg2 Bf4 31. Bxf4 gxf4 32. Rxf4 Rxc3 33. Rb7 Rd3
34. Rxb6 Rc2+ 35. Rf2 Rcc3 36. Rd6 Rb3 37. b6 Rxh3 38. f6+ Kg6 39. Rd8 Rhg3+ 40.
Kh2 Rh3+ 41. Kg2 Rhg3+ 42. Kh2 Rh3+ 43. Kg2 Rhg3+ 1/2-1/2

[Event "TCh-CHN 2017"]
[Site "China CHN"]
[Date "2017.07.26"]
[Round "8.2"]
[Board "5"]
[White "Yao, Lan"]
[Black "Tan, Zhongyi"]
[Result "0-1"]
[WhiteTitle "WIM"]
[BlackTitle "GM"]
[WhiteElo "2330"]
[BlackElo "2517"]
[WhiteTeam "Qingdao"]
[BlackTeam "Chongqing"]
[WhiteFideId "8610835"]
[BlackFideId "8603642"]
[EventDate "2017.04.18"]

1. e4 e5 2. Nf3 Nc6 3. Bb5 a6 4. Ba4 Nf6 5. d3 d6 6. c3 Be7 7. O-O O-O 8. Re1 b5
9. Bc2 Bb7 10. a4 Nb8 11. Nbd2 Nbd7 12. Nf1 Re8 13. Ng3 g6 14. Bg5 c5 15. Qd2
Qc7 16. axb5 axb5 17. Rxa8 Rxa8 18. Nh4 Nf8 19. Nf3 Ne6 20. Bh6 Ng4 21. Be3 Nxe3
22. fxe3 c4 23. d4 Ng5 24. Nxg5 Bxg5 25. Qe2 Bh4 26. Qg4 Bxg3 27. Qxg3 Ra2 28.
Rb1 b4 29. cxb4 c3 30. Qe1 Rxb2 31. Qc1 Rxb1 32. Qxb1 exd4 33. exd4 Qb6 34. Qd1
Qxb4 35. h3 Qb2 36. Kh1 d5 37. exd5 Bxd5 38. Kh2 Qb8+ 39. Kg1 Qg3 40. Qe2 h5 41.
Bb1 h4 42. Bc2 Kg7 43. Bb1 Qf4 44. Qd3 Qg5 45. Qf1 Qe3+ 46. Kh2 Qxd4 47. Bd3 Be4
48. Bxe4 Qxe4 49. Qc1 Qe5+ 50. Kh1 Qd4 51. Kh2 Qd6+ 52. Kh1 Qd2 53. Qa1 Qb2 0-1

[Event "TCh-CHN 2017"]
[Site "China CHN"]
[Date "2017.07.26"]
[Round "8.3"]
[Board "1"]
[White "Ma, Qun"]
[Black "Li, Yankai"]
[Result "1-0"]
[WhiteTitle "GM"]
[WhiteElo "2638"]
[BlackElo "2456"]
[WhiteTeam "Hangzhou"]
[BlackTeam "Tianjin"]
[WhiteFideId "8603154"]
[BlackFideId "8609357"]
[EventDate "2017.04.18"]

1. e4 e5 2. Nf3 Nc6 3. Bb5 a6 4. Ba4 Nf6 5. O-O Be7 6. Re1 b5 7. Bb3 d6 8. c3
O-O 9. d4 Bg4 10. d5 Na5 11. Bc2 c6 12. dxc6 Nxc6 13. Nbd2 Qc7 14. h3 Bd7 15.
Nf1 Rfc8 16. Bg5 h6 17. Bxf6 Bxf6 18. Ne3 Ne7 19. Bb3 a5 20. a3 Qc5 21. Ng4 Bxg4
22. hxg4 Rab8 23. Qd2 a4 24. Ba2 Rc7 25. Rad1 Rd8 26. Re3 Qc6 27. Qe2 g6 28.
Red3 Bg7 29. Ne1 Nc8 30. Nc2 Nb6 31. Nb4 Qb7 32. Rxd6 Rxd6 33. Rxd6 Nc4 34. Bxc4
Rxc4 35. Nd5 Kh7 36. Qf3 Rc8 37. g5 1-0

[Event "TCh-CHN 2017"]
[Site "China CHN"]
[Date "2017.07.26"]
[Round "8.3"]
[Board "2"]
[White "Bai, Jinshi"]
[Black "Wang, Yue"]
[Result "1/2-1/2"]
[WhiteTitle "GM"]
[BlackTitle "GM"]
[WhiteElo "2556"]
[BlackElo "2690"]
[WhiteTeam "Hangzhou"]
[BlackTeam "Tianjin"]
[WhiteFideId "8602280"]
[BlackFideId "8601429"]
[EventDate "2017.04.18"]

1. d4 e6 2. c4 f5 3. g3 Nf6 4. Bg2 c6 5. Nf3 d5 6. O-O Bd6 7. b3 Qe7 8. Ne5 O-O
9. Bb2 Bd7 10. Qc1 Be8 11. Ba3 Nbd7 12. Nd3 Bf7 13. Bxd6 Qxd6 14. Qa3 Qxa3 15.
Nxa3 Rfe8 16. f4 Kf8 17. Rfc1 Ke7 18. b4 a6 19. Nc5 Ra7 20. Nd3 Raa8 21. Nc5 Ra7
22. Nd3 1/2-1/2